2Pac Songs - Sudden Death - Statistics

General Stats
  • This quiz has been taken 608 times
    137 since last reset
  • The average score is 10 of 19
Answers on the Grid
Answers color-coded by a green-red scale on the quiz's grid according to % correct below.
Dear Mama
Brenda's Got a Baby
Do for Love
Anna Wintour
Ghetto Gospel
California Love
Gin and Juice
Hail Mary
212
Keep Ya Head Up"
Express Yourself
Ruff Ryders' Anthem
Smile
Mathematics
I Ain't Mad at Cha
No Sunshine
How Do U Want It
Temptations
Can’t C Me
Drop It Like It's Hot
Lord Give Me a Sign
Signs
Nuthin' but a 'G' Thang
Papa'z Song
Brass Monkey
I Get Around
Mass Appeal
Paparazzi
Me Against the World
I Got 5 on It
Picture Me Rollin'
Changes
Sabotage
It's a Party
Hit 'Em Up
Let's Get Blown
Doggfather
Intergalactic
Unconditional Love
 
Answer Stats
Answer % Correct
California Love
85%
Dear Mama
85%
Keep Ya Head Up"
72%
Hit 'Em Up
70%
Changes
63%
Hail Mary
63%
Do for Love
60%
Can’t C Me
59%
Brenda's Got a Baby
57%
I Ain't Mad at Cha
54%
How Do U Want It
53%
Ghetto Gospel
49%
I Get Around
47%
Me Against the World
47%
Picture Me Rollin'
43%
Temptations
30%
Papa'z Song
25%
Unconditional Love
24%
Smile
15%
No matching quizzes found
Score Distribution
Percent of People with Each Score
Percentile by Number Answered
Your Score History
You have not taken this quiz since the last reset